Sửa chữa và quấn lại động cơ điện

Bewaard in:
Bibliografische gegevens
Hoofdauteur: Bùi Văn Yên
Formaat: Boek
Taal:Undetermined
Gepubliceerd in: Hải Phòng Hải Phòng 2003
Onderwerpen:
Tags: Voeg label toe
Geen labels, Wees de eerste die dit record labelt!
Thư viện lưu trữ: Trung tâm Học liệu Trường Đại học Cần Thơ
LEADER 00577nam a2200205Ia 4500
001 CTU_57879
008 210402s9999 xx 000 0 und d
020 |b 20000 
082 |a 621.46 
082 |b Y254 
100 |a Bùi Văn Yên 
245 0 |a Sửa chữa và quấn lại động cơ điện 
245 0 |c Bùi Văn Yên 
260 |a Hải Phòng 
260 |b Hải Phòng 
260 |c 2003 
650 |a electric engineering,electric motors 
650 |x materials 
904 |i Minh 
980 |a Trung tâm Học liệu Trường Đại học Cần Thơ